| 000 | 01063nam a2200277 i 4500 | ||
|---|---|---|---|
| 003 | EG-GICUC | ||
| 005 | 20260416125158.0 | ||
| 008 | 260416s1991 us ||||fr|||| 000 0 ara d | ||
| 024 | _q1014-5583 | ||
| 040 |
_a EG-GICUC _c EG-GICUC _d EG-GICUC _erda |
||
| 082 | 0 | 4 |
_221 _a341.48 _bح ق |
| 092 | 0 | 4 | _221 |
| 099 | _aLaw1 11 341.48 ح ق 1991 | ||
| 110 | 2 |
_aالأمم المتحدة _eمؤلف. |
|
| 245 | 1 | 2 |
_aالحقوق المدنية والسياسية : _bاللجنة المعنية بحقوق الانسان / _cالأمم المتحدة. _pصحيفة وقائع رقم 15 |
| 264 | 1 |
_aالولايات المتحدة الامريكية : _bالأمم المتحدة، _c1991. |
|
| 300 |
_a80 صفحة : _c24 سم |
||
| 336 |
_2rda content _atext |
||
| 337 |
_2rda media _aComputer |
||
| 338 |
_2rda carrier _aOnline Resource |
||
| 546 | _aالنص باللغة العربية | ||
| 650 | 1 | 4 | _a حقوق الإنسان -- قانون دولي |
| 856 | 4 | 0 | _uhttps://fll.law.cu.edu.eg/fulltext/bks/B11-09991.pdf |
| 905 | _a67 | ||
| 942 |
_2ddc _cBK _e21 _n0 |
||
| 999 |
_c71410 _d71410 |
||